Libro de la Orden de Caballería / (Record no. 123712)
[ view plain ]
| 000 -LEADER | |
|---|---|
| campo de control de longitud fija | 00878nam a2200229 i 4500 |
| 001 - NÚMERO DE CONTROL | |
| campo de control | 123712 |
| 003 - IDENTIFICADOR DE NÚMERO DE CONTROL | |
| campo de control | ES-MaACL |
| 005 - FECHA Y HORA DE LA ÚLTIMA TRANSACCIÓN | |
| campo de control | 20250716063301.0 |
| 007 - CAMPO FIJO DE DESCRIPCIÓN FÍSICA--INFORMACIÓN GENERAL | |
| campo de control de longitud fija | t| |
| 008 - DATOS DE LONGITUD FIJA--INFORMACIÓN GENERAL | |
| campo de control de longitud fija | 070214s1901 sp r ||||1| spa d |
| 100 0# - ENTRADA PRINCIPAL--NOMBRE DE PERSONA | |
| Nombre de persona | Ramón Llull, |
| Títulos y otros términos asociados al nombre | Beato, |
| Fechas asociadas al nombre | ca. 1232-1316? |
| 9 (RLIN) | 95219 |
| 245 10 - MENCIÓN DEL TÍTULO | |
| Título | Libro de la Orden de Caballería / |
| Mención de responsabilidad, etc. | del B. Raimundo Lulio ; traducido en lengua castellana. |
| 260 ## - PUBLICACIÓN, DISTRIBUCIÓN, ETC. | |
| Lugar de publicación, distribución, etc. | Barcelona : |
| Nombre del editor, distribuidor, etc. | Real Academia de Buenas Letras, |
| Fecha de publicación, distribución, etc. | 1901. |
| 300 ## - DESCRIPCIÓN FÍSICA | |
| Extensión | 78 p. ; |
| Dimensiones | 35 cm. |
| 500 ## - NOTA GENERAL | |
| Nota general | Texto en español y lemosín. |
| 530 ## - NOTA DISPONIBLE DE FORMULARIO FÍSICO ADICIONAL | |
| Nota de formato físico adicional disponible | Disponible en formato digital. |
| 650 04 - PUNTO DE ACCESO ADICIONAL DE MATERIA--TÉRMINO DE MATERIA | |
| Término de materia o nombre geográfico como elemento de entrada | Caballeros y caballería. |
| 9 (RLIN) | 10655 |
| 710 2# - ENTRADA AGREGADA--NOMBRE DE ENTIDAD CORPORATIVA | |
| Nombre de entidad corporativa o nombre de jurisdicción como elemento de entrada | Reial Acadèmia de Bones Lletres de Barcelona. |
| 9 (RLIN) | 176228 |
| 852 ## - LOCALIZACIÓN | |
| Ubicación | ES-MaACL |
| Número de control de estantería | T-991-F-9 |
| 856 ## - LOCALIZACIÓN Y ACCESO ELECTRÓNICOS | |
| Identificador Uniforme de Recursos | <a href="https://bvpb.mcu.es/es/consulta/registro.do?id=577722 ">https://bvpb.mcu.es/es/consulta/registro.do?id=577722 </a> |
| Nota pública | Biblioteca Virtual del Patrimonio Bibliográfico |
| Estatus retirado | Estado de pérdida | Estado de daño | No para préstamo | Colección | Biblioteca de origen | Biblioteca actual | Ubicación en estantería | Fecha de adquisición | Fuente de adquisición | Total de préstamos | Signatura topográfica completa | Código de barras | Visto por última vez | Precio de reemplazo | Tipo de ítem Koha |
|---|---|---|---|---|---|---|---|---|---|---|---|---|---|---|---|
| Colección de folletos | Biblioteca del Ateneo de Madrid | Biblioteca del Ateneo de Madrid | Depósito folletos | 17/01/2008 | T-991-F-9 | 1128893 | 23/02/2023 | 23/02/2023 | Folleto |
